| 000 | 00415nam a22001577a 4500 | ||
|---|---|---|---|
| 003 | SGT | ||
| 020 | _a9789380316918 | ||
| 082 |
_a658.45 _bU23S |
||
| 100 | _aSABHERWAL, NIKITA | ||
| 245 | _aUNDERSTANDING HOSPITAL ADMINISTRATION DYNAMICS | ||
| 250 | _a1ST | ||
| 260 |
_aINDIA _bAHUJA PUB _c2023110 |
||
| 650 | _aHOSPITAL MANAGEMENT | ||
| 653 | _aUNDERSTANDING HOSPITAL ADMINISTRATION DYNAMICS | ||
| 942 |
_2ddc _cBK |
||
| 999 |
_c30764 _d30764 |
||